Platero y yo / (Registro nro. 9140)

Detalles MARC
000 -LIDER
fixed length control field 00763cam a2200253 a 4500
001 - NÚMERO DE CONTROL
Identificador de número de control 000025294
003 - IDENTIFICACDOR DE NÚMERO DE CONTROL
control field DO-SdBNP
005 - DATE AND TIME OF LATEST TRANSACTION
control field 20230811110938.0
007 - CAMPOS FIJOS DE DESCRIPCIÓN FÍSICA
fixed length control field 000025294
008 - ELEMENTOS DE LONGITUD FIJA
fixed length control field 880808s1995 sp a 000 f spa d
020 ## - ISBN
International Standard Book Number 8420618519
040 ## - FUENTE DE CATALOGACIÓN
Agencia que crea de manera original el registro BPMSU
Idioma de catalogación spa
Agencia que realiza la transcripción BPMSU
082 #4 - NÚMERO DE CLASIFICACIÓN DECIMAL DE DEWEY
Classification number 861.62
Item number J61p 1995
Edition number 22
100 1# - ASIENTO PRINCIPAL -- NOMBRE PERSONAL
Nombre personal Jiménez, Juan Ramón,
Fechas asociadas con el nombre 1881-1958.
245 10 - MENCIÓN DE TITULO
Título Platero y yo /
Mención de responsabilidad Juan Ramón Jiménez.
260 ## - PUBLICACIÓN, DISTRIBUCIÓN, ETC. (PIE DE IMPRENTA)
Lugar de publicación, distribución, etc Madrid :
Nombre del editor, distribuidor, etc. Alianza Editorial,
Fecha de publicación, distribución, etc 1995
300 ## - DESCRIPCIÓN FÍSICA
Extensión 179 p. :
Otros detalles físicos il. ;
Dimensiones 21 cm.
490 0# - MENCIÓN DE SERIES
Mención de serie El libro del bolsillo,
Volume/sequential designation 851
500 ## - NOTA GENERAL
Nota general Incluye referencias bibliográficas y notas al pie de las páginas
650 #4 - ENCABEZAMIENTO DE MATERIA--TEMÁTICO
Término temático o nombre geográfico como elemento de entrada Poesìa española
650 #4 - ENCABEZAMIENTO DE MATERIA--TEMÁTICO
Término temático o nombre geográfico como elemento de entrada Literatura española
910 ## - VALIDACIÓN
Validación VMateo V. Control de calidad. BPMSU
942 ## - ADDED ENTRY ELEMENTS (KOHA)
Source of classification or shelving scheme Dewey Decimal Classification
Koha item type Libros
Existencias
Withdrawn status Lost status Source of classification or shelving scheme Damaged status Not for loan Home library Current library Date acquired Source of acquisition Total Checkouts Full call number Barcode Date last seen Price effective from Koha item type
    Dewey Decimal Classification     Biblioteca Pública Metropolitana Salomé Ureña Biblioteca Pública Metropolitana Salomé Ureña 12/17/2015 Donado Fundación Economía y Desarrollo   BPMSU CG 861.62 J61p 1995 BPMSU15120179 12/17/2015 12/17/2015 Libros